[Event "Budapest FS12 IM"]
[Site "Budapest"]
[Date "2003.12.12"]
[Round "7"]
[White "Pinkus, Lutz"]
[Black "Lengyel, Bela"]
[Result "0-1"]
[WhiteElo "2171"]
[BlackElo "2324"]
[PlyCount "78"]
[EventDate "2003.12.06"]
[EventType "tourn"]
[EventRounds "11"]
[EventCountry "HUN"]
[EventCategory "1"]
[SourceTitle "CBM 097 Extra"]
[Source "ChessBase"]
[SourceDate "2004.01.13"]
[SourceVersion "1"]
[SourceVersionDate "2004.01.13"]
[SourceQuality "1"]

1. e4 e5 2. f4 exf4 3. Bc4 Nf6 4. e5 d5 5. exf6 dxc4 6. Qe2+ Be6 7. fxg7 Bxg7 8. Nf3 Nc6 9. Na3 0-0 10. 0-0 Nd4 11. Nxd4 Qxd4+ 12. Kh1 c6 13. d3 cxd3 14. cxd3 Rad8 15. Bxf4 Qxd3 16. Qf2 Bd4 17. Qh4 Bxb2 18. Rae1 Qg6 19. Rf3 Bg4 20. Rg3 h5 21. Bg5 f6 22. Bf4 f5 23. Bg5 Rde8 24. Rxe8 Rxe8 25. h3 Re1+ 26. Kh2 Be5 27. hxg4 fxg4 28. Bd2 Rf1 29. Bc3 Bc7 30. Nc4 Rf5 31. Qe7 Qf7 32. Qe2 Rc5 33. Ne5 Qf4 34. Qd3 Rxc3 35. Qg6+ Kf8 36. Nd7+ Ke7 37. Qg7+ Kd8 38. Qh8+ Kxd7 39. Qg7+ Ke6 0-1

[Event "Budapest FS12 IM"]
[Site "Budapest"]
[Date "2003.12.08"]
[Round "3"]
[White "Pinkus, Lutz"]
[Black "Humphrey, Jonathan"]
[Result "1/2-1/2"]
[WhiteElo "2171"]
[BlackElo "2217"]
[PlyCount "43"]
[EventDate "2003.12.06"]
[EventType "tourn"]
[EventRounds "11"]
[EventCountry "HUN"]
[EventCategory "1"]
[SourceTitle "CBM 097 Extra"]
[Source "ChessBase"]
[SourceDate "2004.01.13"]
[SourceVersion "1"]
[SourceVersionDate "2004.01.13"]
[SourceQuality "1"]

1. e4 c5 2. c3 e6 3. d4 d5 4. exd5 exd5 5. Bd3 cxd4 6. cxd4 Nc6 7. Ne2 Nb4 8. Bb5+ Bd7 9. Nbc3 Bxb5 10. Nxb5 Qd7 11. Nbc3 Nf6 12. 0-0 Be7 13. Qb3 Nc6 14. Bg5 Rd8 15. Rad1 h6 16. Bxf6 Bxf6 17. Nf4 0-0 18. Ncxd5 Bxd4 19. Qc4 Bxb2 20. Nf6+ Bxf6 21. Rxd7 Rxd7 22. Nd5 1/2-1/2

[Event "Seville op 28th"]
[Site "Seville"]
[Date "2003.01.13"]
[Round "4"]
[White "Pinkus, Lutz"]
[Black "Estremera Panos, Sergio"]
[Result "0-1"]
[WhiteElo "2155"]
[BlackElo "2354"]
[PlyCount "106"]
[EventDate "2003.01.10"]
[EventType "swiss"]
[EventRounds "9"]
[EventCountry "ESP"]
[SourceTitle "CBM 092 Extra"]
[Source "ChessBase"]
[SourceDate "2003.03.07"]
[SourceVersion "1"]
[SourceVersionDate "2003.03.07"]
[SourceQuality "1"]

1. e4 c5 2. c3 Nf6 3. e5 Nd5 4. d4 cxd4 5. Nf3 Nc6 6. Bc4 Nb6 7. Bb3 d5 8. exd6 Qxd6 9. 0-0 Be6 10. Bxe6 Qxe6 11. Nxd4 Nxd4 12. cxd4 Qd7 13. Nc3 e6 14. Qg4 g6 15. d5 e5 16. Qxd7+ Kxd7 17. Bg5 Bg7 18. f4 exf4 19. Rxf4 f5 20. Rf3 Rhe8 21. Rh3 h5 22. Rd3 Nc4 23. Rb1 Rac8 24. Kf1 b6 25. Nd1 Re4 26. Nf2 Ree8 27. b3 Ne5 28. Rd2 Nf7 29. Nh3 Re4 30. g3 Rc3 31. Kg2 Re8 32. Rbd1 Nxg5 33. Nxg5 Bh6 34. h4 Bxg5 35. hxg5 Ree3 36. Kh2 Rxg3 37. Re1 Rge3 38. Rxe3 Rxe3 39. Rc2 Re4 40. Rc6 Rh4+ 41. Kg3 Rg4+ 42. Kf3 Rxg5 43. Kf4 Rg2 44. Rf6 Rg4+ 45. Kf3 h4 46. Rf7+ Kd6 47. Rxa7 Kxd5 48. Rd7+ Kc6 49. Rf7 b5 50. a4 bxa4 51. bxa4 Kd5 52. a5 Rg3+ 53. Kf4 g5+ 0-1

[Event "Seville op 28th"]
[Site "Seville"]
[Date "2003.01.11"]
[Round "2"]
[White "Pinkus, Lutz"]
[Black "Xu, Jun"]
[Result "1/2-1/2"]
[WhiteElo "2155"]
[BlackElo "2626"]
[PlyCount "59"]
[EventDate "2003.01.10"]
[EventType "swiss"]
[EventRounds "9"]
[EventCountry "ESP"]
[SourceTitle "CBM 092 Extra"]
[Source "ChessBase"]
[SourceDate "2003.03.07"]
[SourceVersion "1"]
[SourceVersionDate "2003.03.07"]
[SourceQuality "1"]

1. e4 c5 2. c3 Nf6 3. e5 Nd5 4. d4 cxd4 5. Nf3 e6 6. cxd4 b6 7. Bd2 Bb7 8. Nc3 Nxc3 9. Bxc3 Be7 10. Bd3 0-0 11. h4 Bxf3 12. Qxf3 Nc6 13. Qe4 g6 14. h5 Nb4 15. Bb1 Nd5 16. hxg6 hxg6 17. Qf3 Kg7 18. Be4 Rh8 19. Rxh8 Qxh8 20. Bxd5 exd5 21. 0-0-0 b5 22. Qxd5 b4 23. Bd2 Rc8+ 24. Kb1 Qh5 25. Qf3 Qxf3 26. gxf3 d5 27. Rc1 Rxc1+ 28. Kxc1 a5 29. Kc2 a4 30. f4 1/2-1/2

[Event "Budapest FS05 FM"]
[Site "Budapest"]
[Date "2003.??.??"]
[Round "9"]
[White "Zoltan, Andras"]
[Black "Pinkus, Lutz"]
[Result "0-1"]
[WhiteElo "2020"]
[BlackElo "2155"]
[PlyCount "65"]
[EventDate "2003.05.03"]
[EventType "tourn"]
[EventRounds "13"]
[EventCountry "HUN"]
[SourceTitle "CBM 094 Extra"]
[Source "ChessBase"]
[SourceDate "2003.07.09"]
[SourceVersion "2"]
[SourceVersionDate "2003.07.09"]
[SourceQuality "1"]

1. e4 e6 2. d4 d5 3. exd5 exd5 4. Bd3 Bd6 5. Nc3 Ne7 6. Nge2 c6 7. Bf4 0-0 8. Qd2 Re8 9. 0-0 Bf5 10. Rfe1 Bxd3 11. Qxd3 Ng6 12. Bxd6 Qxd6 13. Ng3 Nd7 14. Nf5 Qf6 15. Qf3 Kf8 16. Re3 Rxe3 17. fxe3 Nh4 18. Nxh4 Qxh4 19. Rf1 Nf6 20. h3 Re8 21. Qf4 Qxf4 22. exf4 h5 23. g3 h4 24. gxh4 Re3 25. Kg2 Nh5 26. Rf2 Ke7 27. Rf3 Re1 28. Rf2 Kf6 29. Rf3 Kf5 30. Kf2 Rc1 31. Re3 Rxc2+ 32. Kf3 f6 33. Ne2 0-1

[Event "Berlin Neukoelln op 7th"]
[Site "Berlin"]
[Date "2001.05.11"]
[Round "1"]
[White "Pinkus, Lutz"]
[Black "Bader, Arnd"]
[Result "0-1"]
[WhiteElo "2155"]
[BlackElo "1708"]
[PlyCount "26"]
[EventDate "2001.05.11"]
[EventType "swiss"]
[EventRounds "7"]
[EventCountry "GER"]
[SourceTitle "EXT 2022"]
[Source "ChessBase"]
[SourceDate "2021.10.06"]
[SourceVersion "1"]
[SourceVersionDate "2021.10.06"]
[SourceQuality "1"]

1. e4 e5 2. f4 exf4 3. Nf3 d6 4. Bc4 g5 5. h4 g4 6. Ng5 Qe7 7. Nxf7 Nf6 8. Nxh8 d5 9. Bb3 g3 10. 0-0 Ng4 11. exd5 Qxh4 12. Qe1+ Ne3 13. Rxf4 Qh2# 0-1

[Event "Reykjavik op"]
[Site "Reykjavik"]
[Date "1996.??.??"]
[Round "3"]
[White "Gretarsson, Andri Ass"]
[Black "Pinkus, Lutz"]
[Result "1-0"]
[WhiteElo "2330"]
[BlackElo "2185"]
[PlyCount "53"]
[EventDate "1996.03.??"]
[EventType "swiss"]
[EventRounds "9"]
[EventCountry "ISL"]
[SourceTitle "CBM 052"]
[Source "ChessBase"]
[SourceDate "1996.06.01"]
[SourceVersion "1"]
[SourceVersionDate "1996.06.01"]
[SourceQuality "1"]

1. e4 d5 2. exd5 Qxd5 3. Nc3 Qa5 4. d4 Nf6 5. Nf3 c6 6. Bc4 Bg4 7. 0-0 e6 8. h3 Bh5 9. Re1 Nbd7 10. g4 Bg6 11. Bf4 Bb4 12. Bb3 0-0-0 13. Qe2 Rhe8 14. a3 Bxc3 15. bxc3 h5 16. Nh4 hxg4 17. Nxg6 Qf5 18. Ne5 Qxf4 19. Nxf7 gxh3 20. Qe3 g5 21. Nxd8 Kxd8 22. Qxf4 gxf4 23. Bxe6 f3 24. Kh2 Rh8 25. Re3 Nf8 26. Bf5 Rg8 27. Rxf3 1-0

[Event "Geneve op"]
[Site "Geneve"]
[Date "1996.??.??"]
[Round "7"]
[White "Palac, Mladen"]
[Black "Pinkus, Lutz"]
[Result "1-0"]
[WhiteElo "2545"]
[BlackElo "2185"]
[PlyCount "59"]
[EventDate "1996.01.??"]
[EventType "swiss"]
[EventRounds "9"]
[EventCountry "SUI"]
[SourceTitle "CBM 051 Extra"]
[Source "ChessBase"]
[SourceDate "1996.05.01"]
[SourceVersion "1"]
[SourceVersionDate "1996.05.01"]
[SourceQuality "1"]

1. e4 c5 2. Nf3 Nf6 3. Nc3 e6 4. d4 cxd4 5. Nxd4 Nc6 6. Ndb5 Bb4 7. a3 Bxc3+ 8. Nxc3 d5 9. exd5 exd5 10. Bd3 Bg4 11. f3 Be6 12. 0-0 h6 13. Bf4 0-0 14. Qd2 Ne7 15. Nb5 Bf5 16. Rfe1 Bxd3 17. Qxd3 Nc6 18. Rad1 Qb6+ 19. Be3 d4 20. Nxd4 Qxb2 21. Rb1 Qa2 22. Rxb7 Na5 23. Rb5 Nc4 24. Qb3 Qxb3 25. cxb3 a6 26. Rc5 Nxa3 27. Ra1 Rae8 28. Nf5 Nb5 29. Rxa6 Rb8 30. Ra5 1-0

[Event "Geneve op"]
[Site "Geneve"]
[Date "1996.??.??"]
[Round "3"]
[White "Touzane, Olivier"]
[Black "Pinkus, Lutz"]
[Result "1-0"]
[WhiteElo "2500"]
[BlackElo "2185"]
[PlyCount "31"]
[EventDate "1996.01.??"]
[EventType "swiss"]
[EventRounds "9"]
[EventCountry "SUI"]
[SourceTitle "CBM 051 Extra"]
[Source "ChessBase"]
[SourceDate "1996.05.01"]
[SourceVersion "1"]
[SourceVersionDate "1996.05.01"]
[SourceQuality "1"]

1. d4 d5 2. c4 dxc4 3. e4 e5 4. Nf3 exd4 5. Bxc4 Bb4+ 6. Nbd2 Nc6 7. 0-0 Be6 8. Bxe6 fxe6 9. Qb3 Bxd2 10. Bxd2 e5 11. Rac1 Rb8 12. Ng5 Qd7 13. Rxc6 Qxc6 14. Qf7+ Kd8 15. Ne6+ Kc8 16. Rc1 1-0

[Event "Weilburg NBG op"]
[Site "Weilburg"]
[Date "1995.??.??"]
[Round "3"]
[White "Kaminski, Marcin"]
[Black "Pinkus, Lutz"]
[Result "1-0"]
[WhiteElo "2495"]
[BlackElo "2215"]
[PlyCount "87"]
[EventDate "1995.10.??"]
[EventType "swiss"]
[EventRounds "9"]
[EventCountry "GER"]
[SourceTitle "EXT 1997"]
[Source "ChessBase"]
[SourceDate "1996.11.15"]
[SourceVersion "1"]
[SourceVersionDate "1996.11.15"]
[SourceQuality "1"]

1. e4 c5 2. Nf3 Nf6 3. d3 Nc6 4. g3 g6 5. Bg2 Bg7 6. 0-0 d6 7. c3 0-0 8. Re1 Qc7 9. Na3 a6 10. Nc2 Bg4 11. h3 Bd7 12. d4 cxd4 13. cxd4 d5 14. e5 Ne8 15. Ne3 e6 16. b3 b5 17. Ng4 f5 18. Nh6+ Kh8 19. Bg5 Nd8 20. h4 Bxh6 21. Bxh6 Ng7 22. Rc1 Qb6 23. Bg5 Nf7 24. Be7 Rfc8 25. Bc5 Qd8 26. Qd2 h6 27. Bf1 Kh7 28. Bd3 Rc6 29. Kg2 Rac8 30. a4 bxa4 31. bxa4 Rb8 32. a5 Qe8 33. Qe2 Ra8 34. Bb6 Rxc1 35. Rxc1 Bb5 36. Bxb5 axb5 37. Rb1 Qc8 38. Qxb5 g5 39. hxg5 hxg5 40. Bc5 g4 41. Nh4 Ng5 42. Qb7 Ne4 43. Qf7 Nxc5 44. Nxf5 1-0

[Event "Weilburg NBG op"]
[Site "Weilburg"]
[Date "1995.??.??"]
[Round "8"]
[White "Pinkus, Lutz"]
[Black "Schuh, Karsten"]
[Result "1/2-1/2"]
[WhiteElo "2215"]
[BlackElo "2090"]
[PlyCount "120"]
[EventDate "1995.10.??"]
[EventType "swiss"]
[EventRounds "9"]
[EventCountry "GER"]
[SourceTitle "EXT 1997"]
[Source "ChessBase"]
[SourceDate "1996.11.15"]
[SourceVersion "1"]
[SourceVersionDate "1996.11.15"]
[SourceQuality "1"]

1. e4 c5 2. c3 d5 3. exd5 Qxd5 4. d4 e6 5. Nf3 Nf6 6. Be2 Be7 7. 0-0 cxd4 8. cxd4 0-0 9. Nc3 Qd8 10. Ne5 Nc6 11. Nxc6 bxc6 12. Bf3 Nd5 13. a3 Ba6 14. Re1 Rc8 15. Qa4 Qb6 16. Bxd5 cxd5 17. Nxd5 exd5 18. Rxe7 Rc4 19. Qd7 Qxd4 20. Be3 Qxb2 21. Re1 Qxa3 22. Qxa7 Rcc8 23. Bd4 Qd6 24. g3 Bd3 25. Bxg7 Kxg7 26. Qd4+ Qf6 27. Qxd3 Rfd8 28. Ra7 Rc3 29. Qd2 d4 30. Ree7 Rf8 31. Red7 d3 32. Rxd3 Rxd3 33. Qxd3 Rd8 34. Qc4 Qf3 35. Ra1 Rd2 36. Qc5 h6 37. Re1 Kh7 38. Qe3 Qxe3 39. Rxe3 Kg6 40. Kg2 Ra2 41. Re5 Rb2 42. g4 Ra2 43. h4 Rb2 44. Kg3 Rb4 45. f3 Ra4 46. Re4 Ra5 47. Kf4 Rb5 48. Ra4 Rc5 49. Ra6+ Kg7 50. g5 hxg5+ 51. hxg5 Rc4+ 52. Kg3 Rb4 53. f4 Rc4 54. Ra7 Kg6 55. Kg4 Rb4 56. Ra6+ Kg7 57. Rf6 Ra4 58. Rd6 Rb4 59. Kf5 Ra4 60. Ke5 Ra5+ 1/2-1/2